UBT Library

American history : (Record no. 39310)

000 -LEADER
fixed length control field 00807cam a22002775a 4500
001 - CONTROL NUMBER
control field 12772643
005 - DATE AND TIME OF LATEST TRANSACTION
control field 20171222040303.0
008 - FIXED-LENGTH DATA ELEMENTS--GENERAL INFORMATION
fixed length control field 020513s2003 mauab b 001 0 eng
010 ## - LIBRARY OF CONGRESS CONTROL NUMBER
LC control number 2002106646
020 ## - INTERNATIONAL STANDARD BOOK NUMBER
International Standard Book Number 0072424362 (combined ed. : alk. paper)
020 ## - INTERNATIONAL STANDARD BOOK NUMBER
International Standard Book Number 0072490519 (v. 1)
020 ## - INTERNATIONAL STANDARD BOOK NUMBER
International Standard Book Number 0072490535 (v. 2)
035 ## - SYSTEM CONTROL NUMBER
System control number (DLC) 2002106646
040 ## - CATALOGING SOURCE
Original cataloging agency DLC
Transcribing agency DLC
Modifying agency DLC
041 ## - LANGUAGE CODE
Language code of text/sound track or separate title eng
043 ## - GEOGRAPHIC AREA CODE
Geographic area code n-us---
080 ## - UNIVERSAL DECIMAL CLASSIFICATION NUMBER
Universal Decimal Classification number 973 BRI
082 00 - DEWEY DECIMAL CLASSIFICATION NUMBER
Classification number 973 BRI
Edition number 21
100 1# - Rafti
Rafti 17
101 ## - Shkurtesa
Shkurtesa HIS
245 10 - TITLE STATEMENT
Title American history :
Statement of responsibility, etc Alan Brinkley.
504 ## - BIBLIOGRAPHY, ETC. NOTE
Bibliography, etc Includes bibliographical references and index.
906 ## - LOCAL DATA ELEMENT F, LDF (RLIN)
a 0
b ibc
c orignew
d 3
e epcn
f 20
g y-gencatlg
942 ## - ADDED ENTRY ELEMENTS (KOHA)
Source of classification or shelving scheme
Item type Books
Holdings
Withdrawn status Lost status Source of classification or shelving scheme Damaged status Not for loan Collection code Permanent location Current location Shelving location Date acquired Total Checkouts Full call number Barcode Date last seen Price effective from Koha item type
          Koleksioni i përgjithshem UBT - Lipjan UBT - Lipjan Koleksioni i përgjithshem 12/22/2017   973 BRI 002-29820 12/22/2017 12/22/2017 Books
UBT Library © 2015-2024. All rights reserved University Education for Business and Technology